| 000 | 01461nam a2200373 a 4500 | ||
|---|---|---|---|
| 001 | ebr10475839 | ||
| 003 | CaPaEBR | ||
| 006 | m u | ||
| 007 | cr cn||||||||| | ||
| 008 | 110620r19931982enk sb 001 0 eng d | ||
| 020 | _z1855750627 | ||
| 020 | _z9781855750623 | ||
| 020 | _z9781849400183 (e-book) | ||
| 040 |
_aCaPaEBR _cCaPaEBR |
||
| 035 | _a(OCoLC)729246417 | ||
| 050 | 1 | 4 |
_aBF173 _b.H36 1993eb |
| 100 | 1 | _aHamilton, Victoria. | |
| 245 | 1 | 0 |
_aNarcissus and Oedipus _h[electronic resource] : _bthe children of psychoanalysis / _cVictoria Hamilton ; with a new foreword by Eric Rayner ; and a new preface by Murray M. Schwartz. |
| 250 | _aNew ed. | ||
| 260 |
_aLondon : _bKarnac Books, _c1993. |
||
| 300 | _axxi, 313 p. | ||
| 500 | _aFirst published in 1982 by Routledge & Kegan Paul Limited. | ||
| 504 | _aIncludes bibliographical references and index. | ||
| 505 | 0 | _apt. 1. Narcissus -- pt. 2. Oedipus. | |
| 533 |
_aElectronic reproduction. _bPalo Alto, Calif. : _cebrary, _d2011. _nAvailable via World Wide Web. _nAccess may be limited to ebrary affiliated libraries. |
||
| 650 | 0 | _aPsychoanalysis. | |
| 650 | 0 | _aNarcissism. | |
| 650 | 0 | _aOedipus complex. | |
| 655 | 7 |
_aElectronic books. _2local |
|
| 700 | 1 | _aRayner, Eric. | |
| 700 | 1 | _aSchwartz, Murray M. | |
| 710 | 2 | _aebrary, Inc. | |
| 856 | 4 | 0 |
_uhttp://site.ebrary.com/lib/rucke/Doc?id=10475839 _zAn electronic book accessible through the World Wide Web; click to view |
| 999 |
_c115696 _d115696 |
||